00273 a2200133 4500001000700000020002200007040001100029100001600040240003000056245002500086300000800111362000900119440001100128172100 a978-85-260-1044-4 cMagnum aRey, Marcos10aDoze horas de terrorlpor10aDoze horas de terror a1400 a2006 1aGlobal